banner-ar

التربية الفنية بين الغرب والشرق الاوسط / (Record no. 28634)

MARC details
000 -الفاتح
حقل البيانات ثابتة الطول 00874nam a2200289Ia 4500
008 - عناصر البيانات ثابتة الطول - معلومات عامة
حقل البيانات ثابتة الطول 140319s9999 xx 000 0 ara d
020 ## - الرقم الدولى المعيارى للكتب
الرقم الدولى المعيارى للكتاب 3076302977
040 ## - مصدر الفهرسة
وكالة الفهرسة الأصلية GCL /
وكالة النسخ GCL
082 04 - رقم تصنيف ديوى العشرى
رقم التصنيف 372.5
رقم المادة م ت
100 1# - المدخل الرئيسى - إسم شخصى
الإسم الشخصى محمود البسيونى
245 10 - بيان العنوان
العنوان التربية الفنية بين الغرب والشرق الاوسط /
بيان المسئوليه,etc محمود البسيونى
260 ## - PUBLICATION, DISTRIBUTION, ETC. (IMPRINT)
تاريخ النشر أو التوزيع 1984
300 ## - الوصف المادى
التعداد متعددة ؛
أبعاد الوعاء 24 سم
490 ## - بيان السلسلة
عنوان السلسلة
650 04 - المدخل الاضافى بالموضوع-مصطلح موضوعى
مصطلح موضوعي طرق التدريس
650 04 - المدخل الاضافى بالموضوع-مصطلح موضوعى
مصطلح موضوعي الشرق الاوسط
650 04 - المدخل الاضافى بالموضوع-مصطلح موضوعى
مصطلح موضوعي تعليم وتدريس
650 04 - المدخل الاضافى بالموضوع-مصطلح موضوعى
مصطلح موضوعي الفن
650 04 - المدخل الاضافى بالموضوع-مصطلح موضوعى
مصطلح موضوعي النحت
650 04 - المدخل الاضافى بالموضوع-مصطلح موضوعى
مصطلح موضوعي الرسم
650 04 - المدخل الاضافى بالموضوع-مصطلح موضوعى
مصطلح موضوعي الرسم الزخرفى
650 04 - المدخل الاضافى بالموضوع-مصطلح موضوعى
مصطلح موضوعي التربية الفنية
650 04 - المدخل الاضافى بالموضوع-مصطلح موضوعى
مصطلح موضوعي الغرب
650 04 - المدخل الاضافى بالموضوع-مصطلح موضوعى
مصطلح موضوعي الفن الاسلامى
942 ## - عناصر المدخل الإضافي( كوها)
مصدر التصنيف او مخطط الترفيف Dewey Decimal Classification
Koha [default] item type كتاب
260 ## - PUBLICATION, DISTRIBUTION, ETC. (IMPRINT)
-- القاهرة :
-- دار المعارف ،
Holdings
حالة التراجع حالة الفقد حالة تلف ليس للاعارة المكان المؤقت الموقع الحالى تاريخ الاكتساب اجمالي اﻻعارات رقم الطلب الباركود تاريخ اخر مشاهدة تاريخ تفعيل السعر نوع وعاء كوها
        مكتبة القاهرة الكبرى مكتبة القاهرة الكبرى 03/26/2014   372.5\ م ت 65340 03/26/2014 03/26/2014 كتاب
        مكتبة القاهرة الكبرى مكتبة القاهرة الكبرى 03/26/2014   372.5\ م ت 65341 03/26/2014 03/26/2014 كتاب
        مكتبة القاهرة الكبرى مكتبة القاهرة الكبرى 03/26/2014   372.5\ م ت 65342 03/26/2014 03/26/2014 كتاب

Powered By

EGPV